[Event "Al Ain Classic 2012"]
[Site "Al-Ain UAE"]
[Date "2012.12.27"]
[Round "7.19"]
[White "Karthikeyan, Murali"]
[Black "Shoker, Samy"]
[Result "1-0"]
[BlackTitle "IM"]
[WhiteElo "2315"]
[BlackElo "2490"]
[WhiteFideId "5074452"]
[BlackFideId "627143"]
[EventDate "2012.12.22"]

1. e4 d6 2. d4 g6 3. Nf3 Bg7 4. Nc3 a6 5. a4 Nd7 6. Bc4 e6 7. a5 h6 8. Be3 Ne7
9. Qd2 Nf6 10. Be2 Ng4 11. Bf4 g5 12. Bg3 f5 13. h3 Nf6 14. e5 Ne4 15. Nxe4 fxe4
16. Nh2 O-O 17. Ng4 Nf5 18. h4 e3 19. Nxe3 Nxg3 20. fxg3 dxe5 21. Ng4 exd4 22.
hxg5 Qxg5 23. O-O-O Rf5 24. Nxh6+ Bxh6 25. Rxh6 Qxd2+ 26. Kxd2 Bd7 27. Rdh1 Raf8
28. Bf3 R8f7 29. b4 Kf8 30. R1h5 b6 31. axb6 cxb6 32. Rh4 a5 33. bxa5 bxa5 34.
Rxd4 Rg5 35. Rh8+ Kg7 36. Ra8 a4 37. g4 Bb5 38. Ra5 Kg6 39. Be4+ Kf6 40. Bc6 e5
41. Rd6+ Ke7 42. Rd7+ Ke6 43. Rxf7 Bxc6 44. Rf5 Rxg4 45. Rfxe5+ Kf6 46. Rf5+ Kg6
47. Rfc5 Rxg2+ 48. Kc3 Be8 49. Ra6+ Kf7 50. Rc7+ Kf8 51. Ra8 Rg3+ 52. Kb4 Rg4+
53. c4 Rg3 54. Rcc8 Rb3+ 55. Ka5 Re3 56. Rxe8+ Rxe8 57. Rxe8+ Kxe8 58. Kxa4 1-0

[Event "Al Ain Classic 2012"]
[Site "Al-Ain UAE"]
[Date "2012.12.27"]
[Round "7.20"]
[White "Soloviova, Liza"]
[Black "Labib, Ibrahim Hasan"]
[Result "1-0"]
[WhiteTitle "WGM"]
[BlackTitle "IM"]
[WhiteElo "2287"]
[BlackElo "2432"]
[WhiteFideId "14117665"]
[BlackFideId "10600426"]
[EventDate "2012.12.22"]

1. Nf3 Nf6 2. d3 d5 3. Nbd2 c5 4. c3 Nc6 5. e4 Bg4 6. Be2 e6 7. O-O Qc7 8. Re1
Bd6 9. Qc2 O-O-O 10. a3 Kb8 11. b4 c4 12. exd5 cxd3 13. Bxd3 Nxd5 14. h3 Bxf3
15. Nxf3 Ne5 16. Be4 Qxc3 17. Qxc3 Nxc3 18. Bb2 Rc8 19. Rac1 Nxe4 20. Nxe5 Rxc1
21. Rxc1 f6 22. Re1 Ng5 23. Nc4 Kc7 24. h4 Nf7 25. Rxe6 Kd7 26. Re1 Rc8 27. Nxd6
Nxd6 28. h5 Nc4 29. Bd4 Nxa3 30. Bxa7 Re8 31. Rd1+ Ke6 32. Bc5 Nc4 33. Rd4 b5
34. g4 g6 35. hxg6 hxg6 36. Kg2 f5 37. g5 Rh8 38. Kg3 Rh1 39. f4 Rg1+ 40. Kf3
Rc1 41. Rd8 Rc3+ 42. Ke2 Rc2+ 43. Ke1 Rg2 44. Rd4 Rh2 45. Rd8 Rh4 46. Rd4 Rh7
47. Rd8 Rh4 48. Rd4 Rh7 49. Rd8 Rd7 50. Rg8 Kd5 51. Rxg6 Ke4 52. Re6+ Kxf4 53.
g6 Rd3 54. g7 Rg3 55. Bd4 Na3 56. Be5+ 1-0

[Event "Al Ain Classic 2012"]
[Site "Al-Ain UAE"]
[Date "2012.12.27"]
[Round "7.21"]
[White "Ibrayev, Nurlan"]
[Black "El Ghazali, Youssef M."]
[Result "0-1"]
[WhiteTitle "GM"]
[BlackTitle "IM"]
[WhiteElo "2406"]
[BlackElo "2244"]
[WhiteFideId "13700650"]
[BlackFideId "10600167"]
[EventDate "2012.12.22"]

1. e4 c5 2. Nf3 d6 3. d4 cxd4 4. Nxd4 Nf6 5. f3 Nc6 6. c4 e6 7. Nc3 Be7 8. Be3
a6 9. Be2 Qc7 10. O-O O-O 11. Rc1 Rd8 12. Nd5 exd5 13. cxd5 Bd7 14. Qd2 Re8 15.
Rc2 Rad8 16. Rfc1 Qb8 17. dxc6 bxc6 18. Nxc6 Bxc6 19. Rxc6 d5 20. e5 Qxe5 21.
Bd4 Bb4 22. Qxb4 Qxe2 23. R6c2 Qe6 24. Qd2 h6 25. Rc6 Rd6 26. Rxd6 Qxd6 27. Re1
Rxe1+ 28. Qxe1 Qf4 29. Qc3 Ne8 30. Qe3 Qb8 31. Qe5 Qd8 32. h3 Qd7 33. b3 f6 34.
Qh5 Qe6 35. Qg4 Qc6 36. Kh2 Kf7 37. Qh5+ Kf8 38. Qf5 Kf7 39. Bf2 Nd6 40. Qd3 Nb7
41. Qd4 Qc7+ 42. Bg3 Qc6 43. Qf4 Nd8 44. Qd6 Qxd6 45. Bxd6 h5 46. g4 hxg4 47.
fxg4 Ke6 48. Bf8 g5 49. Kg3 f5 50. Kf3 Nf7 51. gxf5+ Kxf5 52. Ke3 Nd8 53. Bd6
Nc6 54. a4 Na5 55. Kd4 Ke6 56. Bb4 Nc6+ 57. Kc5 Nxb4 58. Kxb4 Ke5 59. Kc3 Ke4
60. b4 Ke3 61. b5 axb5 62. axb5 d4+ 63. Kb2 d3 64. b6 d2 65. b7 d1=Q 66. b8=Q
Qe2+ 67. Kc1 Qc4+ 68. Kb2 Qd4+ 69. Kc2 Qe4+ 70. Kc1 Qf4 71. Qc8 Kd3+ 72. Kb2
Qb4+ 73. Kc1 Qf4+ 74. Kb2 Ke2 75. Kc2 Kf3 76. Kd1 Kg3 77. Ke2 Qf2+ 78. Kd1 Qf1+
79. Kd2 Qxh3 80. Qc7+ Kg2 81. Qe5 g4 82. Qe2+ Kh1 83. Ke1 Qg3+ 0-1

[Event "Al Ain Classic 2012"]
[Site "Al-Ain UAE"]
[Date "2012.12.27"]
[Round "7.22"]
[White "Raes, A"]
[Black "Abdulov, Orkhan"]
[Result "0-1"]
[BlackTitle "IM"]
[WhiteElo "2235"]
[BlackElo "2387"]
[WhiteFideId "7600801"]
[BlackFideId "13402714"]
[EventDate "2012.12.22"]

1. c4 c5 2. Nf3 Nc6 3. d4 cxd4 4. Nxd4 g6 5. Nc3 Bg7 6. e3 Nf6 7. Be2 O-O 8. O-O
d5 9. Nxc6 bxc6 10. Qa4 Qb6 11. Rd1 dxc4 12. Bxc4 Bg4 13. Re1 Rad8 14. h3 Bc8
15. Qa3 Nd5 16. e4 Bd4 17. Nd1 Qb4 18. Qxb4 Nxb4 19. Re2 e5 20. Bg5 Rd7 21. Ne3
h5 22. Bf6 Na6 23. Rb1 Nc5 24. Nc2 Re8 25. Kh2 Rd6 26. Bh4 Be6 27. Na3 Kg7 28.
f3 f5 29. Bxe6 Rdxe6 30. exf5 gxf5 31. Rd1 Na4 32. Nc4 c5 33. Rd3 Nb6 34. Nxb6
Rxb6 35. Ra3 Rxb2 36. Rxa7+ Kg8 37. Rxb2 Bxb2 38. Rc7 Bd4 39. Rc6 e4 40. fxe4
fxe4 41. Rg6+ Kh7 42. Rg5 Kh6 43. Rd5 e3 44. a4 Ra8 45. Kg3 Rxa4 46. Kf3 Ra2 47.
Bg5+ Kg6 48. Bh4 Rd2 49. Rg5+ Kh6 50. Rd5 Bf6 51. Rxc5 Bxh4 52. Rc6+ Kg7 53.
Kxe3 Rxg2 54. Ke4 Rg3 55. Kf5 Rf3+ 56. Ke5 Rxh3 57. Kf5 Rf3+ 58. Ke4 Rf7 59. Rc3
Kg6 60. Rf3 Re7+ 61. Kf4 Be1 62. Rb3 Rf7+ 63. Ke4 h4 64. Rf3 Re7+ 65. Kf4 Kh5
66. Kf5 Bg3 67. Rb3 Rf7+ 68. Ke4 Kg4 69. Rb1 h3 0-1

[Event "Al Ain Classic 2012"]
[Site "Al-Ain UAE"]
[Date "2012.12.27"]
[Round "7.23"]
[White "Hamdouchi, Adina-Maria"]
[Black "Rajesh, V A V"]
[Result "0-1"]
[WhiteTitle "WGM"]
[BlackTitle "FM"]
[WhiteElo "2211"]
[BlackElo "2370"]
[WhiteFideId "1206435"]
[BlackFideId "5029317"]
[EventDate "2012.12.22"]

1. d4 Nf6 2. Nf3 g6 3. c4 Bg7 4. Nc3 d5 5. e3 O-O 6. cxd5 Nxd5 7. Bc4 Nb6 8. Bb3
c5 9. O-O Bg4 10. h3 Bxf3 11. Qxf3 cxd4 12. exd4 Nc6 13. Be3 Na5 14. Rfd1 Rc8
15. Rac1 Qd7 16. d5 Nbc4 17. Qe2 Nxb3 18. axb3 Nxe3 19. Qxe3 b6 20. Rd3 Rc5 21.
Rcd1 Rfc8 22. h4 h5 23. g3 R5c7 24. d6 exd6 25. Rxd6 Qe7 26. Qxe7 Rxe7 27. Rd8+
Rxd8 28. Rxd8+ Kh7 29. Kg2 Rb7 30. b4 Bf6 31. Rd3 Kg7 32. b5 Be5 33. b3 Bxc3 34.
Rxc3 Rd7 35. Rc4 Rd5 36. Rb4 Kf6 37. Kf3 Ke6 38. Ke2 f6 39. Ke3 Ke5 40. Ra4 Rxb5
41. Rxa7 Rxb3+ 42. Ke2 Kf5 43. Rf7 Rc3 44. Rb7 Rc6 45. Kf3 Rd6 46. Rf7 Ke5 47.
Rg7 f5 48. Ke3 Kd5 49. Kd3 b5 50. Rb7 Kc6+ 0-1

[Event "Al Ain Classic 2012"]
[Site "Al-Ain UAE"]
[Date "2012.12.27"]
[Round "7.25"]
[White "Navalgund, Niranjan"]
[Black "Lodhi, Mahmood"]
[Result "1/2-1/2"]
[BlackTitle "IM"]
[WhiteElo "2169"]
[BlackElo "2353"]
[WhiteFideId "5030854"]
[BlackFideId "7800010"]
[EventDate "2012.12.22"]

1. d4 Nf6 2. c4 c5 3. d5 g6 4. Nc3 d6 5. e4 Bg7 6. Bd3 O-O 7. Nge2 e6 8. h3 exd5
9. exd5 Nbd7 10. f4 Ne8 11. O-O f5 12. Be3 Ndf6 13. Bf2 Nc7 14. Rb1 a5 15. a3
Na6 16. Qd2 b6 17. Ng3 Ra7 18. Rfe1 Re8 19. Rxe8+ Nxe8 20. Re1 Re7 21. Rxe7 Qxe7
22. Na4 Qd8 23. Ne2 Bd7 24. Nec3 Bf6 25. Nb5 Qb8 26. Qe2 Nac7 27. Nac3 Nxb5 28.
Nxb5 Ng7 29. g4 Kf7 30. Be1 Bxb5 31. cxb5 Qe8 32. b3 Qxe2 33. Bxe2 Bb2 34. Kg2
Ke7 35. a4 Ne8 36. Kf3 Ng7 37. Bd3 Bf6 38. Bf2 Kd7 39. Bc2 Ke7 40. Ke2 Kd7 41.
Be1 Kc7 42. Kd3 Kd7 43. Kc4 Kc7 44. Bd1 Kb7 45. Kd3 Kc7 46. Bf3 Kd7 47. Bf2 Kc7
48. Kc4 Kb7 49. Be3 Kc7 50. Bc1 Kd7 51. Be3 Kc7 52. Bf2 Kb7 53. Kd3 Kc7 54. Ke2
h5 55. Kd3 1/2-1/2

[Event "Al Ain Classic 2012"]
[Site "Al-Ain UAE"]
[Date "2012.12.27"]
[Round "7.26"]
[White "Manakova, Maria"]
[Black "Asgarova, Turan"]
[Result "1-0"]
[WhiteTitle "WGM"]
[WhiteElo "2338"]
[BlackElo "1932"]
[WhiteFideId "927007"]
[BlackFideId "13403451"]
[EventDate "2012.12.22"]

1. e4 c5 2. Nf3 e6 3. d4 cxd4 4. Nxd4 Nc6 5. Nb5 d6 6. c4 a6 7. N5c3 Nf6 8. Be2
Be7 9. O-O O-O 10. Be3 Qc7 11. Na3 b6 12. Qd2 Bb7 13. Rfc1 Ne5 14. f3 Rac8 15.
Kh1 Nfd7 16. Qe1 Nc5 17. Rd1 Nc6 18. Nc2 Bf6 19. Rac1 Qb8 20. b4 Nd7 21. Na4 Ba8
22. c5 b5 23. Rxd6 Rfd8 24. Rxd7 Rxd7 25. Nb6 Rcd8 26. Nxd7 Rxd7 27. Rd1 Rxd1
28. Qxd1 Be5 29. g3 Bc7 30. a3 Kf8 31. Kg2 Ke8 32. Bc1 h5 33. Bb2 f6 34. f4 h4
35. Bh5+ Ke7 36. Qg4 Qf8 37. Qxh4 Qd8 38. Qg4 Qf8 39. Qg6 e5 40. Ne3 Kd8 41. Nd5
Ne7 42. Qf7 Qxf7 43. Bxf7 f5 44. Nxc7 Bxe4+ 45. Kf2 Kxc7 46. Bxe5+ Kd7 47. Bxg7
Nc6 48. h4 1-0

[Event "Al Ain Classic 2012"]
[Site "Al-Ain UAE"]
[Date "2012.12.27"]
[Round "7.27"]
[White "Visweswaran, K."]
[Black "Hassan, Sayed Barakat"]
[Result "0-1"]
[WhiteTitle "FM"]
[BlackTitle "IM"]
[WhiteElo "2158"]
[BlackElo "2347"]
[WhiteFideId "5005353"]
[BlackFideId "10600299"]
[EventDate "2012.12.22"]

1. e4 e6 2. d4 d5 3. Nc3 Bb4 4. e5 c5 5. a3 Bxc3+ 6. bxc3 Ne7 7. h4 Qc7 8. Rh3
Bd7 9. a4 Qa5 10. dxc5 Nbc6 11. Qg4 Nf5 12. Qf4 d4 13. Rb1 O-O-O 14. g4 Nfe7 15.
Bg2 Ng6 16. Qe4 Be8 17. Ne2 Ngxe5 18. Bf4 f6 19. Kf1 Bg6 20. cxd4 Bxe4 21. Bxe4
Nxd4 22. Nc3 Qxc5 23. Rxb7 Qc4+ 24. Kg2 Ne2 0-1

[Event "Al Ain Classic 2012"]
[Site "Al-Ain UAE"]
[Date "2012.12.27"]
[Round "7.28"]
[White "Arjun, Bharat"]
[Black "Enkhtuul, Altanulzii"]
[Result "1-0"]
[WhiteTitle "CM"]
[BlackTitle "WIM"]
[WhiteElo "2295"]
[BlackElo "2153"]
[WhiteFideId "5032725"]
[BlackFideId "4901444"]
[EventDate "2012.12.22"]

1. Nf3 g6 2. d4 Bg7 3. e4 c5 4. c3 cxd4 5. cxd4 d6 6. Nc3 Nf6 7. Be2 O-O 8. O-O
Nc6 9. d5 Ne5 10. Nxe5 dxe5 11. Be3 Ne8 12. Rc1 Nd6 13. Nb5 Nxb5 14. Bxb5 Bd7
15. Qa4 Bxb5 16. Qxb5 b6 17. Rc3 Rc8 18. Rxc8 Qxc8 19. Rc1 Qg4 20. f3 Qh4 21.
Qd7 f5 22. Qe6+ Kh8 23. g3 Qh5 24. Rc8 Qxf3 25. Rxf8+ Bxf8 26. Qxe5+ Kg8 27.
Qe6+ Kg7 28. exf5 Qxf5 29. Bd4+ Kh6 30. Qxf5 gxf5 31. Kf2 Kg6 32. Kf3 Bh6 33. b4
Kf7 34. b5 e6 35. Be5 exd5 36. Bb8 Bg5 37. Bxa7 Bd8 38. a4 Ke6 39. a5 bxa5 40.
b6 d4 41. b7 Bc7 42. b8=Q Bxb8 43. Bxb8 Kd5 44. Ke2 Kc4 45. Kd2 a4 46. Bd6 Kd5
47. Ba3 Ke4 48. Ke2 h5 49. Be7 d3+ 50. Kd2 Kf3 51. Kxd3 Kg2 52. Bd6 Kf3 53. Kc4
h4 54. Kb4 h3 55. Kxa4 Kg2 56. Kb5 Kxh2 57. g4+ f4 58. Bxf4+ Kg2 59. g5 Kf3 60.
Bb8 1-0

[Event "Al Ain Classic 2012"]
[Site "Al-Ain UAE"]
[Date "2012.12.27"]
[Round "7.29"]
[White "Mokhtar, Ahmed"]
[Black "Tabatabaei, M.amin"]
[Result "0-1"]
[BlackTitle "FM"]
[WhiteElo "2282"]
[BlackElo "2134"]
[WhiteFideId "10600698"]
[BlackFideId "12521213"]
[EventDate "2012.12.22"]

1. d4 Nf6 2. Nf3 d5 3. c4 c6 4. Nc3 e6 5. Bg5 dxc4 6. e4 b5 7. e5 h6 8. Bh4 g5
9. Nxg5 hxg5 10. Bxg5 Nbd7 11. g3 Bb7 12. Bg2 Qb6 13. exf6 O-O-O 14. O-O Ne5 15.
dxe5 Rxd1 16. Rfxd1 b4 17. Ne4 c5 18. Rac1 Bd5 19. h4 Qc6 20. Rxc4 Kb8 21. b3
Bxc4 22. bxc4 Qa6 23. Rd7 Qxa2 24. Nd6 Bxd6 25. Rb7+ Kc8 26. exd6 Rd8 27. Rc7+
Kb8 28. Rxc5 Rxd6 29. Bf4 Qa1+ 30. Kh2 Qd4 31. Rb5+ Kc8 32. c5 e5 33. Bh3+ Rd7
34. Be3 Qc4 35. Ra5 Kd8 36. Bxd7 Kxd7 37. Rxa7+ Kc6 38. h5 b3 39. h6 Qe4 40.
Ra6+ Kc7 41. Ra7+ Kc6 42. Ra6+ Kc7 43. Bd2 b2 44. Ba5+ Kc8 0-1

[Event "Al Ain Classic 2012"]
[Site "Al-Ain UAE"]
[Date "2012.12.27"]
[Round "7.30"]
[White "Yasseen, Aly"]
[Black "Fang, Yuxiang"]
[Result "1-0"]
[WhiteTitle "IM"]
[WhiteElo "2280"]
[BlackElo "2103"]
[WhiteFideId "10600116"]
[BlackFideId "8605840"]
[EventDate "2012.12.22"]

1. e4 e6 2. d4 d5 3. Nd2 Nf6 4. e5 Nfd7 5. c3 c5 6. f4 Nc6 7. Ndf3 Qb6 8. h4 f6
9. a3 Be7 10. b4 cxd4 11. cxd4 fxe5 12. fxe5 O-O 13. Ra2 Kh8 14. Bg5 Rf7 15.
Bxe7 Nxe7 16. Bd3 h6 17. Rf2 Nf8 18. Ne2 Bd7 19. O-O Bb5 20. h5 Nf5 21. Nh4 Qa6
22. Bxb5 Qxb5 23. Nxf5 Rxf5 24. Rxf5 exf5 25. Rxf5 Ne6 26. Nf4 Nxf4 27. Rxf4 Rc8
28. Qg4 Qe8 29. Qg6 Kg8 30. e6 Qe7 31. Qf7+ Qxf7 32. Rxf7 b6 33. Rxa7 Re8 34.
Rd7 Rxe6 35. Rxd5 Re1+ 36. Kf2 Ra1 37. Rb5 Rxa3 38. Rxb6 Rd3 39. Rb7 Rxd4 40. b5
Rh4 41. b6 Rxh5 42. Rc7 Rb5 43. b7 Kh7 44. Ke3 h5 45. Kd4 Kh6 46. Kc4 Rb2 47.
Kc5 g6 48. Kc6 Kg5 49. Rc8 Kg4 50. b8=Q Rxb8 51. Rxb8 Kg3 52. Rg8 Kxg2 53. Rxg6+
Kf3 54. Rh6 Kg4 55. Kd5 h4 56. Ke4 Kg3 57. Ke3 h3 58. Rg6+ Kh2 59. Kf2 Kh1 60.
Ra6 Kh2 61. Ra3 1-0

[Event "Al Ain Classic 2012"]
[Site "Al-Ain UAE"]
[Date "2012.12.27"]
[Round "7.31"]
[White "Molina, Antonio"]
[Black "Mohamed, Tarek"]
[Result "0-1"]
[WhiteTitle "FM"]
[WhiteElo "2099"]
[BlackElo "2274"]
[WhiteFideId "5201365"]
[BlackFideId "10617981"]
[EventDate "2012.12.22"]

1. d4 Nf6 2. c4 g6 3. Nc3 Bg7 4. e4 d6 5. Nf3 O-O 6. Be2 e5 7. O-O Nc6 8. d5 Ne7
9. Ne1 Ne8 10. Be3 f5 11. f3 f4 12. Bf2 g5 13. c5 Ng6 14. a4 Rf7 15. cxd6 cxd6
16. a5 h5 17. Nb5 a6 18. Nc3 Nf6 19. Na4 g4 20. Nb6 Rb8 21. Kh1 g3 22. Bg1 gxh2
23. Bf2 h4 24. Kxh2 Nh5 25. Rg1 Bf8 26. Rc1 Ng3 27. Nxc8 Rxc8 28. Bb6 Qd7 29.
Rxc8 Qxc8 30. Nd3 Nh5 31. Nf2 Nf6 32. Nh3 Qe8 33. Qb3 Bh6 34. Rc1 Nf8 35. Rc3
Rg7 36. Bf2 Nh5 37. Qd1 Ng3 38. Bf1 Bg5 39. Bd3 Bd8 40. b4 Qg6 41. Bf1 Qf7 42.
Qc1 Qd7 43. Bd3 Qa4 44. Rc8 Be7 45. Qb1 Qd7 46. Qc2 Bf6 47. Bb6 Qf7 48. Rc7 Qg6
49. Rxg7+ Qxg7 50. Qc8 Qd7 51. Qc7 Be7 52. Nf2 Kf7 53. Ng4 Qxc7 54. Bxc7 Nd7 55.
Nf2 Nh5 56. b5 axb5 57. Bxb5 Nhf6 58. Bxd7 Nxd7 59. Nd3 Nf6 60. Nb2 Ke8 61. Nc4
Kd7 62. Bb6 Ne8 63. Kh3 Nf6 64. Bf2 Nh5 65. Bxh4 Bxh4 66. Kxh4 Ng3 67. Nd2 Ke7
68. Kh3 Kf6 69. Kh2 Ne2 70. Nc4 Ke7 71. g4 fxg3+ 72. Kg2 Kd7 73. Ne3 Kc7 74. Nc2
Kd7 75. Nb4 Ke7 76. a6 bxa6 77. Nxa6 Kf6 78. Nc7 Kg5 79. Ne6+ Kh4 80. f4 exf4
81. e5 Kg4 82. Ng5 Kxg5 83. exd6 Kf6 0-1

[Event "Al Ain Classic 2012"]
[Site "Al-Ain UAE"]
[Date "2012.12.27"]
[Round "7.32"]
[White "Bharat, Vijay"]
[Black "Tarasova, Viktoriya"]
[Result "0-1"]
[BlackTitle "WIM"]
[WhiteElo "1961"]
[BlackElo "2254"]
[WhiteFideId "5032784"]
[BlackFideId "4175840"]
[EventDate "2012.12.22"]

1. Nf3 d5 2. d4 c6 3. c4 e6 4. Nc3 Nf6 5. cxd5 exd5 6. e3 Bd6 7. Be2 Nbd7 8. O-O
O-O 9. Rb1 Qe7 10. a3 a5 11. Bd2 Nb6 12. Qc2 Ne4 13. Nxe4 dxe4 14. Ne1 Nd5 15.
Bc4 Bd7 16. Qd1 Nf6 17. Be2 Be6 18. Nc2 Bb3 19. Rc1 Qc7 20. g3 Qd7 21. f4 exf3
22. Bxf3 Rfe8 23. Qe2 Qe6 24. Qd3 Bc4 25. Qc3 Bxf1 26. Rxf1 Ne4 27. Qd3 Bc7 28.
Bc1 Rad8 29. b4 axb4 30. axb4 Ra8 31. b5 f5 32. Be2 Qg6 33. Rf3 Kh8 34. bxc6
bxc6 35. Kg2 Rab8 36. Ne1 Red8 37. Qc2 Rf8 38. Nd3 Qe6 39. Ba3 Rfe8 40. Nc5 Nxc5
41. Bxc5 Bd6 42. Bxd6 Qxd6 43. Qxf5 Rf8 44. Qe4 c5 45. Rxf8+ Rxf8 46. Bd3 g6 47.
dxc5 Qxc5 48. Qc4 Qe5 49. Qb5 Qf6 50. Kh3 Kg7 51. Bc4 Qe7 52. Qb6 Re8 53. Qd4+
Qf6 54. Qd7+ Re7 55. Qd5 Rxe3 56. Qg8+ Kh6 57. Qd5 Re5 58. Qd2+ g5 59. Bd3 Qe6+
60. Kg2 Qd5+ 61. Kg1 Qd4+ 62. Kg2 Re3 63. h4 Qxd3 64. hxg5+ Kxg5 65. Qa5+ Kf6
66. Qb6+ Re6 67. Qf2+ Qf5 68. Qd4+ Kg6 69. Qd1 Rc6 70. Qe1 Rc2+ 71. Kg1 Qc5+ 0-1

[Event "Al Ain Classic 2012"]
[Site "Al-Ain UAE"]
[Date "2012.12.27"]
[Round "7.33"]
[White "Soozankar, A.M."]
[Black "Tissir, Mohamed"]
[Result "1/2-1/2"]
[WhiteTitle "FM"]
[BlackTitle "IM"]
[WhiteElo "2223"]
[BlackElo "2411"]
[WhiteFideId "12503029"]
[BlackFideId "9000240"]
[EventDate "2012.12.22"]

1. d4 c5 2. d5 e5 3. dxe6 fxe6 4. e4 Nc6 5. Nc3 Nf6 6. Bg5 g6 7. f4 Be7 8. e5
Nh5 9. Bxe7 Qxe7 10. Nge2 O-O 11. g3 Qf7 12. Ne4 Nxe5 13. Nd6 Qf6 14. Ne4 Qf7
15. Nd6 Qf6 16. Ne4 Qf7 17. Nd6 1/2-1/2

[Event "Al Ain Classic 2012"]
[Site "Al-Ain UAE"]
[Date "2012.12.27"]
[Round "7.34"]
[White "Mohannad, Farhan"]
[Black "Kisuze, Stephen Ssemmango"]
[Result "1/2-1/2"]
[WhiteTitle "FM"]
[BlackTitle "FM"]
[WhiteElo "2263"]
[BlackElo "2150"]
[WhiteFideId "8100918"]
[BlackFideId "10000186"]
[EventDate "2012.12.22"]

1. d4 d5 2. c4 c6 3. Nf3 Nf6 4. Nc3 e6 5. cxd5 exd5 6. Bg5 Be7 7. e3 Qb6 8. Rb1
h6 9. Bh4 Bf5 10. Bd3 Ne4 11. Bxe7 Kxe7 12. Bxe4 Bxe4 13. Nxe4 dxe4 14. Nd2 f5
15. Qh5 Kf6 16. O-O Nd7 17. f3 exf3 18. Rxf3 g6 19. Qh4+ Ke6 20. Qg3 Rhg8 21.
Kh1 Qb4 22. Nb3 Qd6 23. Qh3 Ke7 24. Qxh6 Nf6 25. h3 Rae8 26. Nc5 b6 27. Nd3 Ne4
28. Ne5 Qf6 29. Rc1 c5 30. Rc2 Rc8 31. Kh2 cxd4 32. Qh7+ Rg7 33. Nxg6+ Kd7 34.
Rxf5 Qd6+ 35. Ne5+ Qxe5+ 36. Rxe5 Rxh7 37. Rxc8 Kxc8 38. Rxe4 d3 39. Rf4 d2 40.
Rf1 Rc7 41. Rd1 Rc2 42. h4 Kd7 43. h5 Ke7 44. b3 Rxa2 45. Kg3 Kf6 46. Kf3 Kg5
47. Ke2 Rb2 48. Rxd2 Rxb3 49. Rd5+ Kh6 50. g4 a5 51. Rd6+ Kh7 52. Kf3 a4 53. g5
Rb5 54. Kf4 a3 55. Rd7+ Kh8 56. h6 Ra5 57. g6 Ra8 58. Rh7+ Kg8 59. Rg7+ Kh8 60.
Rh7+ 1/2-1/2

[Event "Al Ain Classic 2012"]
[Site "Al-Ain UAE"]
[Date "2012.12.27"]
[Round "7.35"]
[White "Ihsan, Jawad"]
[Black "Kawuma, Patrick"]
[Result "0-1"]
[WhiteTitle "CM"]
[BlackTitle "CM"]
[WhiteElo "2126"]
[BlackElo "2245"]
[WhiteFideId "11500263"]
[BlackFideId "10000127"]
[EventDate "2012.12.22"]

1. d4 Nf6 2. Nf3 g6 3. g3 Bg7 4. Bg2 O-O 5. O-O d5 6. c4 c6 7. b3 Bg4 8. Bb2
Nbd7 9. Ne5 Be6 10. cxd5 Bxd5 11. Nxd7 Qxd7 12. f3 Rad8 13. Qc2 Be6 14. Rd1 Nd5
15. Qc1 Nc7 16. Na3 Bh3 17. Bh1 h5 18. e4 Kh7 19. Nc4 Ne6 20. Ne5 Qc7 21. f4 Qb6
22. Qe3 Nc7 23. Bf3 a6 24. Ba3 Nb5 25. Bc5 Qc7 26. Nc4 Rde8 27. e5 Qc8 28. d5 f6
29. a4 fxe5 30. fxe5 cxd5 31. Bxd5 Nc3 32. Rd3 Bh6 0-1

[Event "Al Ain Classic 2012"]
[Site "Al-Ain UAE"]
[Date "2012.12.27"]
[Round "7.36"]
[White "Abtini, Hasan"]
[Black "Ssegwanyi, Arthur"]
[Result "0-1"]
[WhiteElo "1935"]
[BlackElo "2222"]
[WhiteFideId "7601506"]
[BlackFideId "10000100"]
[EventDate "2012.12.22"]

1. e4 e6 2. d3 c5 3. Nf3 b6 4. Qe2 Bb7 5. g3 d6 6. Bg2 Nf6 7. O-O Be7 8. c4 O-O
9. Nc3 Re8 10. Re1 Nc6 11. h3 a6 12. Be3 Qc7 13. g4 h6 14. Rac1 d5 15. cxd5 exd5
16. Bd2 dxe4 17. dxe4 Bd6 18. Nh4 Nd4 19. Qf1 Bh2+ 20. Kh1 Rad8 21. Nd5 Nxd5 22.
exd5 Bf4 23. Rxe8+ Rxe8 24. Re1 Rd8 25. Bc3 Bxd5 26. Bxd5 Rxd5 27. Re8+ Kh7 28.
Qd3+ g6 29. Ng2 Bg5 30. Qxa6 Rd8 31. Rxd8 Bxd8 32. Qc4 Bf6 33. Qd5 Bg7 34. a3
Qe7 35. Ne3 Qf6 36. Kg2 Qf4 37. Nc4 Qc7 38. Nd6 Qd7 39. Bxd4 cxd4 40. Kf3 Kg8
41. Ke4 d3 42. Qxd3 Bxb2 43. Nc4 Qe7+ 44. Kf3 Qf6+ 45. Kg2 Bd4 46. Qf3 Qe6 47.
Qd3 Bc5 48. Qd8+ Kg7 49. Qd3 Qe1 50. Qc2 Qa1 51. a4 Qf6 52. Nb2 Qc6+ 53. f3 Qe6
54. Qc3+ Kh7 55. Qc4 Qe7 56. Qe4 Qh4 57. Nd3 Bd6 58. f4 Qf6 59. Ne5 Kg7 60. Nd3
Qc3 61. Ne5 Qd2+ 62. Kg3 Bc5 63. Nd3 Bg1 64. f5 Qh2+ 65. Kf3 Qxh3+ 66. Ke2 Qh2+
67. Kf1 gxf5 68. gxf5 Qg3 69. Qe5+ Qxe5 70. Nxe5 Bd4 71. Nc6 Bb2 72. Ne7 h5 73.
Nd5 Bd4 74. Kg2 Kh6 75. Kf3 Kg5 76. Ke4 Bc5 77. f6 Kg4 78. Nf4 h4 79. Nd3 h3 80.
Ne5+ Kg3 81. Nf3 Bf2 82. Nd2 Bc5 83. Nf3 Ba3 84. Nd2 Bc1 85. Nf3 Bh6 0-1

[Event "Al Ain Classic 2012"]
[Site "Al-Ain UAE"]
[Date "2012.12.27"]
[Round "7.37"]
[White "Bibasa, Bob"]
[Black "Nesterovskaya, Anzhelika"]
[Result "1/2-1/2"]
[WhiteTitle "CM"]
[BlackTitle "WF"]
[WhiteElo "2218"]
[BlackElo "2133"]
[WhiteFideId "10000240"]
[BlackFideId "14114895"]
[EventDate "2012.12.22"]

1. e4 e5 2. Nf3 Nc6 3. Bc4 Nf6 4. d3 Be7 5. O-O O-O 6. Nc3 d6 7. h3 Na5 8. a4
Nxc4 9. dxc4 h6 10. Qe2 c6 11. c5 Be6 12. cxd6 Bxd6 13. Rd1 Qc7 14. Bxh6 gxh6
15. Qd2 Rfd8 16. Qxh6 Nh7 17. Ng5 Nxg5 18. Qxg5+ Kf8 19. Rd3 Rd7 20. Qh6+ Ke8
21. Rg3 Bf8 22. Rg8 Qd6 23. f4 f6 24. Rh8 Ke7 25. Qh4 exf4 26. e5 Qxe5 27. Re1
Qd4+ 28. Kh1 Re8 29. Ne2 Qd2 30. Nxf4 Rd6 31. Qh7+ Kd8 32. Nxe6+ Rdxe6 33. Rxe6 1/2-1/2

[Event "Al Ain Classic 2012"]
[Site "Al-Ain UAE"]
[Date "2012.12.27"]
[Round "7.39"]
[White "Karim, Ismael"]
[Black "Zelesco, Karl"]
[Result "1-0"]
[WhiteTitle "IM"]
[WhiteElo "2383"]
[BlackElo "2154"]
[WhiteFideId "625736"]
[BlackFideId "3213390"]
[EventDate "2012.12.22"]

1. e4 e5 2. Nf3 Nc6 3. Bc4 Nf6 4. d3 Be7 5. O-O O-O 6. Re1 d6 7. c3 Na5 8. Bb5
a6 9. Ba4 b5 10. Bc2 c5 11. Nbd2 Qc7 12. Nf1 Bb7 13. Ng3 g6 14. Bh6 Rfe8 15. Ng5
d5 16. Qf3 Qd7 17. h3 d4 18. b4 cxb4 19. cxb4 Rec8 20. Rac1 Nc6 21. Bb3 Nd8 22.
Nf1 Qd6 23. h4 Qxb4 24. h5 a5 25. hxg6 hxg6 26. Qg3 Nh5 27. Qxe5 Qd6 28. Qxb5
Bc6 29. Qc4 Be8 30. e5 Qb6 31. Qd5 Bc6 32. Rxc6 Qxc6 33. Qxd4 Bxg5 34. Bxg5 Ne6
35. Qg4 Rab8 36. Bc4 Rb2 37. Ng3 Nxg3 38. Qxg3 Nd4 39. Bf6 Rb1 40. Qxg6+ 1-0